000 01232cam a2200277 a 4500
001 000007314
005 20200929154129.0
008 930507s1992 ve a b 001 0dspa
020 _a9802594989
040 _aDO-SdBNP
_cDLC
_dDLC
082 _a917.72983
_bG643t
100 1 _aGonzález-Ripoll Navarro, Ma. Dolores.
_920329
245 1 0 _aTrinidad :
_bla otra llave de América : descripción de la isla de Trinidad por Cosme de Churruca y la expedición del Atlas de la América Septentrional, 1792/1810 /
_cMa. Dolores González-Ripoll Navarro.
260 _aCaracas :
_bLagoven,
_c1992.
300 _a103 p. :
_bil. ;
_c21 cm.
490 1 _aCuadernos Lagoven.
_aMedio milenio
500 _a"Descripción de la isla y golfo de Trinidad": p. 62-96.
504 _aBibliografías: p. 100
600 1 0 _aCHURRUCA Y ELORZA, COSME DAMIAN DE,
_d1761-1805
_920330
651 4 _aTrinidad
_xDescripciones Y Viajes
_920331
650 4 _aCartografia
_xHistoria
_920332
650 4 _aAntillas francesas
_ySIGLO XVIII
_920333
700 1 2 _aChurruca y Elorza, Cosme Damian de,
_d1761-1805.
_tDescripción de la isla y golfo de Trinidad.
_f1992.
_920334
830 0 _aCuadernos Lagoven,
_pMedio milenio
_96272
910 _aCatalogación por copia / LC
999 _c7095
_d7095